000 00833nam a22002531 4500
001 33796
003 BD-RjUL
005 20211209052048.0
008 140511s1925 ii 00010 eng d
035 _a(OCoLC)ocm41237966
035 _a(BD-RjUL)33887
040 _aNYP
_cNYP
_dZCU
_dBD-RjUL
_beng
041 _aeng
082 0 4 _221
_a891.209
_bCHO 1925
100 1 _aChaudhuri, T. G.,
_d1909-
_9102630
245 1 3 _aAn outline of the history of Sanskrit literature :
_bfor Indian universities and colleges /
_cby Prof. Tarinicharan Chaudhuri.
250 _a5th ed. rev.
260 _aCalcutta,
_bChuckvertty, Chatterjee & Co.
_c1925.
300 _axi, 185 p. [6] ;
_c18 cm.
504 _aIncludes index.
650 0 _aSanskrit literature
_xHistory and criticism.
_967423
650 0 _aSanskrit literature.
_967423
942 _2ddc
_cBK
999 _c33796
_d33796